Guess the Football Player by a description - Statistics

General Stats
  • This quiz has been taken 261 times
  • The average score is 7 of 10
Answer Stats
Hint Answer % Correct
Portuguese Football Player who recently moved to Al Nassr and has won more UEFA Champions League than anyone Cristiano Ronaldo
99%
Who held up the World Cup trophy in the recent 2022 FIFA World Cup when Argentina won Lionel Messi
97%
Tottenham Hotspur Player from South Korea who is known for using both legs in a football match Son Heung Min
91%
The best young player in the 2018 FIFA World Cup Kylian Mbappe
88%
Uruguayan player infamous for handballing a goal coming from Ghana allowing Uruguay to qualify for the Semis by Penalty Shots. Luis Suarez
87%
French Player who got a red card at the 2006 FIFA World Cup Final for headbutting Materazzi Zinedine Zidane
79%
Nickname is "The King of Football" and the only player to have won three World Cups in 1970 Mexico. Pele
76%
During the 7-1 match in 2014, This German player surpassed Brazilian Ronaldo as top scorer in World Cup history Miroslav Klose
64%
Golden Glove winner in the 2002 FIFA World Cup Oliver Kahn
42%
Scored the goal that allowed Australia to qualify for the Knockout Stages for the second time since 2006 against Denmark Matthew Leckie
4%
No matching quizzes found
Score Distribution
Percent of People with Each Score
Percentile by Number Answered
Your Score History
You have not taken this quiz